| 000 | 01043nam a2200229Ia 4500 | ||
|---|---|---|---|
| 003 | Ost | ||
| 005 | 20260507075410.0 | ||
| 008 | 260507s9999||||xx |||||||||||||| ||und|| | ||
| 040 | _cfsecg | ||
| 041 | _aara | ||
| 082 | _a330 | ||
| 100 |
_aفؤاد، نشوى _eمؤلف |
||
| 245 | 0 |
_aتنمية المبيعات السياحية / _c نشوى فؤاد |
|
| 260 |
_aالإسكندرية: _bدار الوفاء, _c2008 |
||
| 300 |
_a119 صفحة؛ _bإيضاحات ؛ _c24 سم |
||
| 504 | _aالمراجع ص.119 | ||
| 520 | _aيضم الطلب السياحي وتنمية المبيعات السياحية، المنتج السياحي العرض وتنمية المبيعات السياحية، سياسة التسعير وتنمية المبيعات السياحية، قنوات أومنافذ التوزيع، المزيج الترويجي وتنمية المبيعات السياحية | ||
| 653 | _aأدارة المبيعات | ||
| 653 | _aالسياحة | ||
| 653 | _aالسياحة- إقتصاديات | ||
| 942 | _cكتاب | ||
| 999 |
_c44390 _d44390 |
||